[Event "Wch U08"]
[Site "Montesilvano"]
[Date "2024.11.24"]
[Round "9"]
[White "Mani, Sarbartho"]
[Black "Morozevich, Kirill Aleks"]
[Result "0-1"]
[WhiteElo "1824"]
[BlackElo "1484"]
[PlyCount "80"]
[EventDate "2024.11.15"]
[EventType "swiss"]
[EventRounds "11"]
[EventCountry "ITA"]
[SourceTitle "CB48_2024"]
[SourceDate "2024.11.28"]
[SourceVersion "1"]
[SourceVersionDate "2024.11.28"]
[SourceQuality "1"]

1. e4 e5 2. Nf3 Nf6 3. Nxe5 d6 4. Nf3 Nxe4 5. d4 d5 6. Bd3 Be7 7. 0-0 0-0 8. Nbd2 Nxd2 9. Bxd2 Bg4 10. Re1 Nd7 11. Be2 Bf6 12. c3 Re8 13. h3 Bh5 14. Bf4 c6 15. Nd2 Bg6 16. Bg4 Nb6 17. Rxe8+ Qxe8 18. Be3 Qe7 19. a4 a5 20. Qb3 Qc7 21. g3 Re8 22. Bf4 Qd8 23. Qd1 Nc8 24. Qf1 h5 25. Bf3 Qe7 26. h4 Bf5 27. Bxh5 Bxh4 28. gxh4 Qxh4 29. Bxf7+ Kxf7 30. Bg3 Qh5 31. Qg2 Re2 32. Bf4 Bg4 33. Qh2 Qg6 34. Qg3 Ne7 35. Nf1 Nf5 36. Qh2 Bf3+ 37. Ng3 Re4 38. Bd2 Rh4 39. Qxh4 Nxh4 40. Re1 Be4 0-1

[Event "Wch U08"]
[Site "Montesilvano"]
[Date "2024.11.18"]
[Round "4"]
[White "Szumiec, Jan"]
[Black "Morozevich, Kirill Aleks"]
[Result "1-0"]
[WhiteElo "1678"]
[BlackElo "1484"]
[PlyCount "53"]
[EventDate "2024.11.15"]
[EventType "swiss"]
[EventRounds "11"]
[EventCountry "ITA"]
[SourceTitle "CB48_2024"]
[SourceDate "2024.11.28"]
[SourceVersion "1"]
[SourceVersionDate "2024.11.28"]
[SourceQuality "1"]

1. e4 e5 2. Nf3 Nf6 3. Nxe5 d6 4. Nf3 Nxe4 5. Nc3 Nxc3 6. dxc3 Be7 7. Be3 Nd7 8. Qd2 0-0 9. 0-0-0 Nf6 10. Bd3 Be6 11. Rhe1 c5 12. Bg5 Qa5 13. a3 b5 14. Qf4 Rab8 15. Qh4 c4 16. Bxf6 cxd3 17. Bxe7 dxc2 18. Rd2 Rfc8 19. Bxd6 Rb7 20. Qe4 Qa6 21. Ng5 g6 22. Nxe6 fxe6 23. Qxe6+ Rf7 24. Re3 b4 25. Rf3 Rcf8 26. Rxf7 Rxf7 27. Qe8+ 1-0

[Event "St Petersburg Korchnoi Memorial op"]
[Site "St Petersburg"]
[Date "2024.08.18"]
[Round "4"]
[White "Morozevich, Kirill Aleks"]
[Black "Besshabashnov, Mikhail"]
[Result "1/2-1/2"]
[WhiteElo "1412"]
[BlackElo "1621"]
[PlyCount "107"]
[EventDate "2024.08.17"]
[EventType "swiss"]
[EventRounds "9"]
[EventCountry "RUS"]
[SourceTitle "CBM 221 Extra"]
[Source "ChessBase"]
[SourceDate "2024.09.30"]
[SourceVersion "1"]
[SourceVersionDate "2024.09.30"]
[SourceQuality "1"]

1. d4 e6 2. c4 f5 3. Nf3 Nf6 4. Bg5 Bb4+ 5. Nc3 d6 6. e3 b6 7. a3 Bxc3+ 8. bxc3 Bb7 9. Be2 0-0 10. 0-0 Nbd7 11. Nd2 Rc8 12. Bf3 Bxf3 13. Nxf3 Qe8 14. Bxf6 Nxf6 15. Qb3 Ne4 16. Rfd1 Qf7 17. Nd2 Nf6 18. Nf3 Rfd8 19. Rac1 h6 20. Rd3 Kh8 21. Rcd1 Ne4 22. Nd2 Nf6 23. Nf3 Re8 24. c5 bxc5 25. dxc5 Ne4 26. cxd6 cxd6 27. Qb2 Qc7 28. Rc1 Qc5 29. Nd2 Nxd2 30. Rxd2 Re7 31. Qb4 Qxb4 32. axb4 d5 33. Ra2 Rec7 34. Kf1 Kg8 35. Ke2 Kf7 36. Kd3 Kf6 37. Ra6 Ke7 38. Kd2 Kf6 39. Ra3 g5 40. g3 h5 41. Rd1 Rh8 42. Kc2 h4 43. Ra6 hxg3 44. hxg3 Rd7 45. c4 Rc8 46. c5 Rb7 47. Kc3 Rcb8 48. Rb1 Ke7 49. Ra4 Kf6 50. Ra5 Ke5 51. b5 Ke4 52. c6 Rc7 53. Rba1 a6 54. Kb4 1/2-1/2